| 000 | 00497nam a22001577a 4500 | ||
|---|---|---|---|
| 005 | 20250123121537.0 | ||
| 008 | 250123b |||||||| |||| 00| 0 eng d | ||
| 040 | _cPK-LaUMT | ||
| 082 |
_a891.4393 _bSHA-S |
||
| 100 |
_aShazia Chaudhary = شازیہ چوہدری _93469 |
||
| 245 |
_aShehr e dil kay darwazay = شہر دل کے دروازے / _cby Shazia Chaudhary = شازیہ چوہدری |
||
| 260 |
_aKarachi : _bKhawateen Digest, _c2001 |
||
| 300 | _a480 p. | ||
| 546 | _aUrdu | ||
| 942 | _cBK | ||
| 999 |
_c136725 _d136725 |
||